| 000 | 00579nam a22001697a 4500 | ||
|---|---|---|---|
| 082 |
_a891.4393 _bMAS |
||
| 100 | _aMasood,Naiyer | ||
| 245 |
_aMajmua Naiyer Masood/ _cNaiyer Masood |
||
| 260 |
_aLahore: _bSang-e-Meel Publications, _c2015. |
||
| 300 |
_a463p. : _c29cm. |
||
| 563 | _aHB | ||
| 650 |
_aUrdu fiction – Short stories _9129521 |
||
| 880 |
_6100-01\(3\r _aنیر مسعود |
||
| 880 |
_6245-02\(3\r _a مجموعہ نیر مسعود/ _bنیر مسعود |
||
| 880 |
_6260-03\(3\r _aلاہور: _b سنگ میل پبلیکیشنز, _c2015. |
||
| 942 |
_2ddc _cBK |
||
| 999 |
_c614164 _d614164 |
||